<?xml version="1.0" encoding="UTF-8"?>
<record
    xmlns:xsi="http://www.w3.org/2001/XMLSchema-instance"
    xsi:schemaLocation="http://www.loc.gov/MARC21/slim http://www.loc.gov/standards/marcxml/schema/MARC21slim.xsd"
    xmlns="http://www.loc.gov/MARC21/slim">

  <leader>00838nam a22002297a 4500</leader>
  <controlfield tag="005">20180626094416.0</controlfield>
  <datafield tag="010" ind1=" " ind2=" ">
    <subfield code="a">1718EN-30   ENG-120880     B-687368-372</subfield>
  </datafield>
  <datafield tag="020" ind1=" " ind2=" ">
    <subfield code="a">9789386392640</subfield>
    <subfield code="c">495.00</subfield>
  </datafield>
  <datafield tag="035" ind1=" " ind2=" ">
    <subfield code="a">B-687368-372</subfield>
  </datafield>
  <datafield tag="035" ind1=" " ind2=" ">
    <subfield code="a">EN-104412</subfield>
  </datafield>
  <datafield tag="037" ind1=" " ind2=" ">
    <subfield code="b">Uppal</subfield>
    <subfield code="a">DPL</subfield>
  </datafield>
  <datafield tag="037" ind1=" " ind2=" ">
    <subfield code="b">DBAD/PUB</subfield>
  </datafield>
  <datafield tag="082" ind1=" " ind2=" ">
    <subfield code="a">320.95443</subfield>
  </datafield>
  <datafield tag="100" ind1=" " ind2=" ">
    <subfield code="a">Shah, A.M.</subfield>
  </datafield>
  <datafield tag="245" ind1=" " ind2=" ">
    <subfield code="a">Sociology and history :</subfield>
    <subfield code="c">by A.M. Shah</subfield>
    <subfield code="b"> dialogues towards integration /</subfield>
  </datafield>
  <datafield tag="260" ind1=" " ind2=" ">
    <subfield code="c">2017</subfield>
    <subfield code="a">New Delhi</subfield>
    <subfield code="b">Orient Blackswan </subfield>
  </datafield>
  <datafield tag="270" ind1=" " ind2=" ">
    <subfield code="a">1/24, Asaf Ali Road</subfield>
    <subfield code="b">New Delhi</subfield>
    <subfield code="e">110002</subfield>
  </datafield>
  <datafield tag="300" ind1=" " ind2=" ">
    <subfield code="c">23cm(pbk)</subfield>
    <subfield code="a">xii,254p.</subfield>
  </datafield>
  <datafield tag="500" ind1=" " ind2=" ">
    <subfield code="a">Includes bibliographical references</subfield>
  </datafield>
  <datafield tag="942" ind1=" " ind2=" ">
    <subfield code="c">EN</subfield>
    <subfield code="2">ddc</subfield>
    <subfield code="m">SHA</subfield>
    <subfield code="h">320.95443</subfield>
  </datafield>
  <datafield tag="999" ind1=" " ind2=" ">
    <subfield code="c">144459</subfield>
    <subfield code="d">144459</subfield>
  </datafield>
  <datafield tag="952" ind1=" " ind2=" ">
    <subfield code="0">0</subfield>
    <subfield code="1">0</subfield>
    <subfield code="4">0</subfield>
    <subfield code="7">1</subfield>
    <subfield code="8">NFIC</subfield>
    <subfield code="a">DBAD</subfield>
    <subfield code="b">BN</subfield>
    <subfield code="d">2017-10-18</subfield>
    <subfield code="e">DBAD/PUB</subfield>
    <subfield code="g">495.00</subfield>
    <subfield code="l">0</subfield>
    <subfield code="o">320.95443 SHA</subfield>
    <subfield code="p">EN-104412</subfield>
    <subfield code="r">2017-10-18 00:00:00</subfield>
    <subfield code="t">1</subfield>
    <subfield code="v">495.00</subfield>
    <subfield code="y">EN</subfield>
  </datafield>
  <datafield tag="952" ind1=" " ind2=" ">
    <subfield code="0">0</subfield>
    <subfield code="1">0</subfield>
    <subfield code="4">0</subfield>
    <subfield code="7">0</subfield>
    <subfield code="8">NFIC</subfield>
    <subfield code="a">L</subfield>
    <subfield code="b">L</subfield>
    <subfield code="d">2018-06-26</subfield>
    <subfield code="e">Uppal 14846/04.12.2017/691/20.11.2017/10.01.2018</subfield>
    <subfield code="g">495.00</subfield>
    <subfield code="l">4</subfield>
    <subfield code="m">2</subfield>
    <subfield code="o">320.95443 SHA</subfield>
    <subfield code="p">B-687368</subfield>
    <subfield code="r">2019-06-30 00:00:00</subfield>
    <subfield code="s">2019-06-23</subfield>
    <subfield code="t">1</subfield>
    <subfield code="v">495.00</subfield>
    <subfield code="w">2018-06-26</subfield>
    <subfield code="y">EN</subfield>
  </datafield>
  <datafield tag="952" ind1=" " ind2=" ">
    <subfield code="0">0</subfield>
    <subfield code="1">0</subfield>
    <subfield code="4">0</subfield>
    <subfield code="7">0</subfield>
    <subfield code="8">NFIC</subfield>
    <subfield code="a">M</subfield>
    <subfield code="b">M</subfield>
    <subfield code="d">2018-06-26</subfield>
    <subfield code="e">Uppal 14846/04.12.2017/691/20.11.2017/10.01.2018</subfield>
    <subfield code="g">495.00</subfield>
    <subfield code="l">0</subfield>
    <subfield code="o">320.95443 SHA</subfield>
    <subfield code="p">B-687369</subfield>
    <subfield code="r">2018-06-26 00:00:00</subfield>
    <subfield code="t">2</subfield>
    <subfield code="v">495.00</subfield>
    <subfield code="y">EN</subfield>
  </datafield>
  <datafield tag="952" ind1=" " ind2=" ">
    <subfield code="0">0</subfield>
    <subfield code="1">0</subfield>
    <subfield code="4">0</subfield>
    <subfield code="7">0</subfield>
    <subfield code="8">NFIC</subfield>
    <subfield code="a">M</subfield>
    <subfield code="b">M</subfield>
    <subfield code="d">2018-06-26</subfield>
    <subfield code="e">Uppal 14846/04.12.2017/691/20.11.2017/10.01.2018</subfield>
    <subfield code="g">495.00</subfield>
    <subfield code="l">0</subfield>
    <subfield code="o">320.95443 SHA</subfield>
    <subfield code="p">B-687370</subfield>
    <subfield code="r">2018-06-26 00:00:00</subfield>
    <subfield code="t">2</subfield>
    <subfield code="v">495.00</subfield>
    <subfield code="y">EN</subfield>
  </datafield>
  <datafield tag="952" ind1=" " ind2=" ">
    <subfield code="0">0</subfield>
    <subfield code="1">0</subfield>
    <subfield code="4">0</subfield>
    <subfield code="7">0</subfield>
    <subfield code="8">NFIC</subfield>
    <subfield code="a">NPL</subfield>
    <subfield code="b">NPL</subfield>
    <subfield code="d">2018-06-26</subfield>
    <subfield code="e">Uppal 14846/04.12.2017/691/20.11.2017/10.01.2018</subfield>
    <subfield code="g">495.00</subfield>
    <subfield code="l">0</subfield>
    <subfield code="o">320.95443 SHA</subfield>
    <subfield code="p">B-687371</subfield>
    <subfield code="r">2018-06-26 00:00:00</subfield>
    <subfield code="t">1</subfield>
    <subfield code="v">495.00</subfield>
    <subfield code="y">EN</subfield>
  </datafield>
  <datafield tag="952" ind1=" " ind2=" ">
    <subfield code="0">0</subfield>
    <subfield code="1">0</subfield>
    <subfield code="4">0</subfield>
    <subfield code="7">0</subfield>
    <subfield code="8">NFIC</subfield>
    <subfield code="a">AV</subfield>
    <subfield code="b">AV</subfield>
    <subfield code="d">2018-06-26</subfield>
    <subfield code="e">Uppal 14846/04.12.2017/691/20.11.2017/10.01.2018</subfield>
    <subfield code="g">495.00</subfield>
    <subfield code="l">0</subfield>
    <subfield code="o">320.95443 SHA</subfield>
    <subfield code="p">B-687372</subfield>
    <subfield code="r">2018-06-26 00:00:00</subfield>
    <subfield code="t">1</subfield>
    <subfield code="v">495.00</subfield>
    <subfield code="y">EN</subfield>
  </datafield>
</record>
